[Event "Vojvodina-chT"]
[Site "Sombor"]
[Date "2008.10.07"]
[Round "10"]
[White "Bulajic, Ratko"]
[Black "Donevski, Darko"]
[Result "0-1"]
[WhiteElo "2346"]
[BlackElo "2117"]
[PlyCount "132"]
[EventDate "2008.10.01"]
[EventType "team-tourn"]
[EventRounds "11"]
[EventCountry "YUG"]
[SourceTitle "EXT 2010"]
[Source "ChessBase"]
[SourceDate "2010.11.25"]
[SourceVersion "1"]
[SourceVersionDate "2010.11.25"]
[SourceQuality "1"]

1. d4 d5 2. c4 c6 3. Nc3 Nf6 4. Nf3 e6 5. e3 Nbd7 6. Qc2 Bd6 7. Be2 0-0 8. 0-0 dxc4 9. Bxc4 b5 10. Bd3 Bb7 11. e4 e5 12. dxe5 Nxe5 13. Nxe5 Bxe5 14. h3 b4 15. Na4 Bd4 16. Re1 c5 17. Be3 Bxe3 18. Rxe3 Rc8 19. b3 Re8 20. Nb2 Qd4 21. Rd1 Qc3 22. Qb1 Qe5 23. Nc4 Qf4 24. e5 Nd5 25. Bxh7+ Kh8 26. Rf3 Qh6 27. Nd6 Qxh7 28. Qxh7+ Kxh7 29. Nxb7 Rxe5 30. Nd6 Rc7 31. Nc4 Rh5 32. Rd2 Nc3 33. Rfd3 f6 34. a4 Ne4 35. Re2 Nc3 36. Red2 Ne4 37. Rd1 Rf5 38. f3 Nc3 39. Rd7 Rxd7 40. Rxd7 Ne2+ 41. Kf2 Nd4 42. Rxa7 Nxb3 43. a5 Rf4 44. Ne3 Rd4 45. a6 Rd2+ 46. Kg3 Nd4 47. Rb7 Ra2 48. a7 Nc6 49. Rc7 Nxa7 50. Rxc5 b3 51. Rc3 b2 52. Rb3 Ra3 53. Rxb2 Rxe3 54. Kf4 Re5 55. h4 Nc6 56. Rd2 Ne7 57. g4 g5+ 58. Kg3 gxh4+ 59. Kxh4 Re3 60. Rd7 Kg6 61. Kg3 Nc6 62. Kh4 Ne5 63. Rd6 Nxf3+ 64. Kg3 Ne5+ 65. Kf4 Rf3+ 66. Ke4 Rg3 0-1

[Event "SCG-chT 4th"]
[Site "Vrnjacka Banja"]
[Date "2006.05.06"]
[Round "6"]
[White "Colovic, Dusan"]
[Black "Donevski, Darko"]
[Result "1-0"]
[WhiteElo "2369"]
[BlackElo "2124"]
[PlyCount "93"]
[EventDate "2006.05.01"]
[EventType "team"]
[EventRounds "7"]
[EventCountry "YUG"]
[SourceTitle "CBM 112 Extra"]
[Source "ChessBase"]
[SourceDate "2006.07.14"]
[SourceVersion "1"]
[SourceVersionDate "2006.07.14"]
[SourceQuality "1"]

1. d4 d5 2. Nf3 Nf6 3. Bf4 c5 4. c3 Nc6 5. e3 Qb6 6. Qb3 c4 7. Qc2 Bf5 8. Qc1 e6 9. Nbd2 Qd8 10. Be2 b5 11. 0-0 a5 12. b3 a4 13. b4 h6 14. Ne5 Nxe5 15. Bxe5 Nd7 16. Bg3 Be7 17. Qe1 h5 18. f3 h4 19. Bf2 Bg5 20. Kh1 Qc7 21. h3 0-0-0 22. f4 Be7 23. Nf3 f6 24. Nxh4 g5 25. fxg5 Bd6 26. Nxf5 exf5 27. Bg1 fxg5 28. Rxf5 Bg3 29. Qf1 Rdf8 30. Bg4 Kb7 31. Qf3 Rxf5 32. Qxf5 Nb6 33. Rf1 Rg8 34. e4 Bd6 35. Qe6 Rg7 36. e5 Be7 37. Bh2 a3 38. Rf7 Rxf7 39. Qxf7 Qd8 40. Bf3 Ka6 41. Bg3 g4 42. Bxg4 Bh4 43. Bxh4 Qxh4 44. e6 Qe1+ 45. Kh2 Nc8 46. Qd7 Nb6 47. Qd6 1-0

[Event "SCG-chT 4th"]
[Site "Vrnjacka Banja"]
[Date "2006.05.05"]
[Round "5"]
[White "Donevski, Darko"]
[Black "Kontic, Djordjije"]
[Result "0-1"]
[WhiteElo "2124"]
[BlackElo "2355"]
[PlyCount "66"]
[EventDate "2006.05.01"]
[EventType "team"]
[EventRounds "7"]
[EventCountry "YUG"]
[SourceTitle "CBM 112 Extra"]
[Source "ChessBase"]
[SourceDate "2006.07.14"]
[SourceVersion "1"]
[SourceVersionDate "2006.07.14"]
[SourceQuality "1"]

1. e4 c5 2. Nf3 Nc6 3. d4 cxd4 4. Nxd4 e6 5. Nc3 Qc7 6. Be3 a6 7. Be2 Nf6 8. 0-0 Bb4 9. Na4 Be7 10. Nxc6 dxc6 11. Nb6 Rb8 12. Nxc8 Rxc8 13. Bd3 c5 14. c4 Rd8 15. Qe2 Nd7 16. f4 e5 17. f5 Nb8 18. Bc2 Nc6 19. Ba4 0-0 20. Bxc6 Qxc6 21. Qc2 b5 22. b3 Rb8 23. Rad1 bxc4 24. Qxc4 Rb4 25. Qd5 Qc7 26. a3 Rb7 27. Qc4 Qa5 28. f6 Bxf6 29. Qxc5 Rb5 30. Qc1 Rxb3 31. Rd5 Qa4 32. Bc5 Qxe4 33. Qd1 Rb2 0-1

[Event "SCG-chT 4th"]
[Site "Vrnjacka Banja"]
[Date "2006.05.02"]
[Round "2"]
[White "Jovic, Aleksandar"]
[Black "Donevski, Darko"]
[Result "1-0"]
[WhiteElo "2396"]
[BlackElo "2124"]
[PlyCount "45"]
[EventDate "2006.05.01"]
[EventType "team"]
[EventRounds "7"]
[EventCountry "YUG"]
[SourceTitle "CBM 112 Extra"]
[Source "ChessBase"]
[SourceDate "2006.07.14"]
[SourceVersion "1"]
[SourceVersionDate "2006.07.14"]
[SourceQuality "1"]

1. c4 e5 2. g3 Nf6 3. Bg2 d5 4. cxd5 Nxd5 5. Nc3 Nb6 6. d3 Nc6 7. Nf3 Be7 8. 0-0 0-0 9. Be3 Be6 10. Rc1 Nd5 11. Bd2 Nxc3 12. bxc3 f6 13. Qc2 Qd7 14. Rfd1 Rfd8 15. Be1 Qe8 16. d4 Qf7 17. e4 Ba3 18. d5 Bxc1 19. dxe6 Qxe6 20. Rxc1 a5 21. a4 Rd7 22. Bf1 Qe7 23. Qb3+ 1-0